|
|
|
|
| LEADER |
00981nam a2200229 a 4500 |
| 001 |
1507496 |
| 008 |
090716s1994 nyu b 001 0 eng d |
| 010 |
|
|
|a 89007234
|
| 020 |
|
|
|a 1853264016
|
| 040 |
|
|
|a DLC
|c DLC
|d DLC
|
| 082 |
0 |
0 |
|a 821/.8
|2 20
|
| 245 |
1 |
4 |
|a The collected poems of William Wordsworth.
|
| 250 |
|
|
|a Wordsworth editions.
|
| 260 |
|
|
|a New York;
|a London :
|b Collier Books
|b The Wordsworth Poetry Library,
|c c1994.
|
| 300 |
|
|
|a xxi, 906 p. ;
|c 20 cm.
|
| 504 |
|
|
|a Includes bibliographical references.
|
| 541 |
1 |
|
|e 00014360
|
| 710 |
1 |
|
|a The Wordsworth Poetry Library.
|
| 852 |
4 |
|
|a Ayesha Abed Library
|j General Shelf.
|
| 999 |
|
|
|c 2607
|d 2607
|
| 952 |
|
|
|0 0
|1 0
|2 ddc
|4 0
|6 821_800000000000000_COL_1994
|7 0
|9 2375
|a BRACUL
|b BRACUL
|c GEN
|d 2009-07-21
|g 392.00
|l 0
|o 821.8 COL
|p 3010014360
|r 2009-07-21
|t 1
|w 2009-07-21
|y BK
|
| 952 |
|
|
|0 0
|1 0
|2 ddc
|4 0
|6 821_800000000000000_COL_1994
|7 0
|9 16239
|a BRACUL
|b BRACUL
|c GEN
|d 2011-04-28
|l 2
|m 1
|o 821.8 COL
|p 3010009345
|r 2019-08-06
|s 2019-07-29
|t 2
|w 2011-04-28
|y BK
|